书目信息 |
| 题名: |
Excel VBA应用与技巧大全
|
|
| 作者: | 孟兵 , 刘琼 编著 | |
| 分册: | ||
| 出版信息: | 北京 机械工业出版社 2021.04 |
|
| 页数: | 375页 | |
| 开本: | 26cm | |
| 丛书名: | ||
| 单 册: | ||
| 中图分类: | TP391.13 | |
| 科图分类: | ||
| 主题词: | 表处理软件--biao chu li ruan jian | |
| 电子资源: | ||
| ISBN: | 978-7-111-66812-1 | |
| 000 | 00896nam0 2200265 450 | |
| 001 | 202021191771 | |
| 005 | 20211025120130.0 | |
| 010 | @a978-7-111-66812-1@dCNY99.00 | |
| 100 | @a20210919d2021 em y0chiy50 ea | |
| 101 | 0 | @achi |
| 102 | @aCN@b110000 | |
| 105 | @aa z 000yy | |
| 106 | @ar | |
| 200 | 1 | @aExcel VBA应用与技巧大全@AExcel VBA ying yong yu ji qiao da quan@f孟兵, 刘琼编著 |
| 210 | @a北京@c机械工业出版社@d2021.04 | |
| 215 | @a375页@c图@d26cm | |
| 300 | @a恒盛杰资讯 | |
| 330 | @a本书分十五章, 内容包括: 认识Excel VBA ; VBA程序设计基础 ; 子过程与函数 ; 使用VBA管理单元格 ; 使用VBA管理工作簿和工作表 ; 使用VBA处理日期和货币数据等。 | |
| 606 | 0 | @a表处理软件@Abiao chu li ruan jian |
| 610 | 0 | @aExcel |
| 690 | @aTP391.13@v5 | |
| 701 | 0 | @a孟兵@Ameng bing@4编著 |
| 701 | 0 | @a刘琼@Aliu qiong@4编著 |
| 801 | 0 | @aCN@c20210909 |
| 905 | @a河南城建学院图书馆@dTP391.13@eM577 | |
| Excel VBA应用与技巧大全/孟兵, 刘琼编著.-北京:机械工业出版社,2021.04 |
| 375页:图;26cm |
| 恒盛杰资讯 |
| ISBN 978-7-111-66812-1:CNY99.00 |
| 本书分十五章, 内容包括: 认识Excel VBA ; VBA程序设计基础 ; 子过程与函数 ; 使用VBA管理单元格 ; 使用VBA管理工作簿和工作表 ; 使用VBA处理日期和货币数据等。 |
| ● |
| 相关链接 |
|
|
|
正题名:Excel VBA应用与技巧大全
索取号:TP391.13/M577
 
预约/预借
| 序号 | 登录号 | 条形码 | 馆藏地/架位号 | 状态 | 备注 |
| 1 | 1540595 | 215405951 | 自科库301/301自科库 64排7列3层/ [索取号:TP391.13/M577] | 在馆 | |
| 2 | 1540596 | 215405960 | 自科库301/301自科库 64排7列3层/ [索取号:TP391.13/M577] | 在馆 |